• 首页
  • 本馆介绍
  • 公告通知
  • 最新文献
  • 馆藏检索
  • 电子资源
  • 读者导购
  • 参考咨询
  • 我的图书馆
  • 登录
  • 详细信息显示
  • 放入我的书架
  • 预约/预借图书
  • 作者相关作品
  • 分类相关作品
  • 丛书相关作品
  • 出版社相关作品

书目信息

  • 表格格式
  • 工作单格式
  • 卡片格式
题名:
食品包装
    
 
作者: 高愿军 , 熊卫东 主编
分册:  
出版信息: 北京   化学工业出版社  2005
页数: 258页
开本: 24cm
丛书名: 现代食品加工新技术丛书
单 册:
中图分类: TS206
科图分类:
主题词: 食品包装--技术 , 食品包装
电子资源:
ISBN: 7-5025-6316-4
000 00982oam2 2200289 450
001 002840921
005 20080303094338.78
010    @a7-5025-6316-4@dCNY28.00
035    @a002840921
100    @a20050221d2005 em y0chiy0110 ea
101 0  @achi
102    @aCN@b110000
105    @ay z 000yy
106    @ar
200 1  @a食品包装@Ashi pin bao zhuang@f高愿军,熊卫东主编@g张平安等编写
210    @a北京@c化学工业出版社@d2005
215    @a258页@d24cm
225 2  @a现代食品加工新技术丛书
330    @a本书全面地介绍了国内外食品包装新技术,内容主要包括食品真空包装、防伪包装、活性包装、无菌包装、纳米包装、可食性包装、绿色包装、收缩与拉伸包装、气调包装等食品包装新技术。
461  0 @1001002847578@12001 @a现代食品加工新技术丛书
606 0  @a食品包装@x技术
606 0  @a食品包装
690    @aTS206@v4
701  0 @a高愿军@Agao yuan jun@f(1957.4~)@4主编
701  0 @a熊卫东@Axiong wei dong@c(食品工业)@4主编
801  0 @aCN@bNLC@c20080303
905    @dTS206@e101@f4
    
    食品包装/高愿军,熊卫东主编/张平安等编写.-北京:化学工业出版社,2005
    258页;24cm.-(现代食品加工新技术丛书)
    
    
    ISBN 7-5025-6316-4:CNY28.00
    本书全面地介绍了国内外食品包装新技术,内容主要包括食品真空包装、防伪包装、活性包装、无菌包装、纳米包装、可食性包装、绿色包装、收缩与拉伸包装、气调包装等食品包装新技术。
●
相关链接 在E读中查询图书 在五车中查询图书 在当当中查询图书 在豆瓣中查询图书


正题名:食品包装     索取号:TS206/101         预约/预借

序号 登录号 条形码 馆藏地/架位号 状态 备注
1 0614830   206148300   第二样本阅览室/ [索取号:TS206/101] 在馆    
2 0614831   206148319   第三借阅区/ [索取号:TS206/101] 在馆    
3 0614832   206148328   第三借阅区/ [索取号:TS206/101] 在馆    
4 0614833   206148337   第三借阅区/ [索取号:TS206/101] 在馆    
唐山师范学院图书馆 欢迎您!
大连网信软件有限公司© 版权所有